000 00585nam a2200205Ia 4500
005 20250923145917.0
008 008 250917s9999 xx 000 0 eng d
037 _aTextual
040 _aDSWL
_beng
_cDSWL
041 _aeng
_2eng
084 _aV2:58(Q), N94
_qDSWL
100 _aJurgensmeyer, M.
_9840201
245 0 _aReligious Nationalism confronts the Secular Stats
_c by M. Jurgensmeyer
260 _aDelhi
_bOxford
_c1994
300 _axiv,292p.
365 _aINR
_b300.00
925 _g300.00
942 _cTEXL
_hV2:58(Q), N94
999 _c1457240
_d1457240